00743nam a2200157Ia 4500008004100000050002200041100005000063245008100113260002400194300001900218502007200237650006100309952009900370952009900469999001700568121101s9999 xx 000 0 und d aT HG4521 R36 2009 aRamírez García de León, Pedro Salvador. aImportancia de la supervisión de obra / Pedro Salvador García de León. aMéxico : el autor a83 h. ; 28 cm. aTesis (Maestria en Administración de Negocios) UIN - Plantel Sur. a1. INVERSIONES. 2. PROYECTOS DE DESARROLLO ECONOMICO.Ì 00104070a12b12d2009-11-19l0oT HG4521 R36 2009p12 002662r2015-04-22t1w2012-11-01yLB 00104070a12b12d2009-11-19l0oT HG4521 R36 2009p12 002663r2015-04-22t2w2012-11-01yLB c87643d87643